000 00791nam a2200301Ia 4500
001 4217
005 20240113233721.0
007 ta
008 050609s1992 g b000 u asm u
020 _cRs.45.00 (HB)
040 _aCotton College,Assam
041 _aasm
082 _a891.4109
_bNa 19 As
100 _aNath, Prafulla Kr. .
245 0 _aAsamiya Sahityar Surabhi /
_cPrafulla Kr. Nath.
_hTextual Documents
250 _a1st ed. /
260 _aDibrugarh :
_bStudents Emporium ,
_c1992.
300 _a240p. ;
_c22cm.
365 _aRs.45.00
653 _aAssamese Literature-Criticism
653 _aPG-Assamese
653 _aG-Assamese
942 _2ddc
_cBK
999 _c4204
_d4204